000 01428aab a2200193 i 4500
001 CO-MdFUSB
003 CO-MdFUSB
005 20240423162314.0
008 240423t2000 ck ||||| |||| 00| 0 spa d
040 _bspa
_cCO-MdFUSB
041 _aspa
100 1 _aFonseca, Josué
_eautor
245 1 0 _aEvangélicos y política en Chile
_c/ Josué Fonseca
300 _aVolumen 18, número 4 (octubre - diciembre, 1999), páginas: 26 - 27
_c; 27 cm
520 _aEl 21 de junio se proclamó la candidatura presidencial del pastor evangélico Salvador Pino Bustos en Santiago de Chile, con una asistencia de casi cuatro mil personas. Este evento forma parte de la creciente presencia del pueblo evangélico en la sociedad chilena, donde representan el 20% de la población. Durante el gobierno militar en 1982, se omitió el dato religioso en el censo debido a presiones católicas. En 1992, se realizó una encuesta que reveló que por cada evangélico observante había dos católicos observantes, y que uno de cada cuatro evangélicos se había convertido en los últimos diez años. A nivel político, los evangélicos tienden a ser independientes y despolitizados, con una mayoría identificándose como independientes o de centro-izquierda.
650 7 _aReligión y política
_9286
773 0 _tIglesia y Misión
_049402
_959630
_gVolumen 18, número 4 (octubre - diciembre, 1999), páginas: 26 - 27
_qpáginas: 26
942 _cANA
999 _c52423
_d52423